Southville International School and Colleges
Your cart is empty.
  • Cart
  • Lists
    Public lists Eva Luna New books Lux_list list_1
    Your lists Log in to create your own lists
  • Log in to your account
  • Your cookies
  • Search history
Southville International School and Colleges
  • Advanced search
  • Recent comments
  • Most popular
  • Libraries

Log in to your account

Log in with GOOGLE


If you do not have an external account, but do have a local account, you can still log in:

  1. Home
  2. MARC view: A simple guide to SPSS for windows:
Normal view MARC view ISBD view

A simple guide to SPSS for windows: (Record no. 21628)

[ view plain ]
MARC details
000 -LEADER
fixed length control field 00641nam a2200205 a 4500
005 - DATE AND TIME OF LATEST TRANSACTION
control field 20140310183333.0
008 - FIXED-LENGTH DATA ELEMENTS--GENERAL INFORMATION
fixed length control field 060901s19uu xx 00 eng d
020 ## - INTERNATIONAL STANDARD BOOK NUMBER
International Standard Book Number 0-534-61006-4
050 ## - LIBRARY OF CONGRESS CALL NUMBER
Classification number HA 32
Item number .K5673 2005
100 ## - MAIN ENTRY--PERSONAL NAME
Personal name Kirkpatrick, Lee A.
245 ## - TITLE STATEMENT
Title A simple guide to SPSS for windows:
Remainder of title for version 12.0. /
Statement of responsibility, etc Lee A. Kirkpatrick
260 ## - PUBLICATION, DISTRIBUTION, ETC. (IMPRINT)
Place of publication, distribution, etc Australia :
Name of publisher, distributor, etc Thomson Wadsworth,
Date of publication, distribution, etc 2005.
300 ## - PHYSICAL DESCRIPTION
Extent 115 p. :
Other physical details ill. ;
Dimensions 24 cm.
521 ## - TARGET AUDIENCE NOTE
Target audience note
650 ## - SUBJECT ADDED ENTRY--TOPICAL TERM
Topical term or geographic name as entry element SPSS for Windows.
650 ## - SUBJECT ADDED ENTRY--TOPICAL TERM
Topical term or geographic name as entry element Social Sciences
General subdivision Statistical methods
-- Computer programs.
700 ## - ADDED ENTRY--PERSONAL NAME
Personal name Feeney, Brooke C.
942 ## - ADDED ENTRY ELEMENTS (KOHA)
Koha item type Books
Source of classification or shelving scheme Library of Congress Classification
Call number prefix Foreign
Holdings
Withdrawn status Lost status Source of classification or shelving scheme Damaged status Home library Current library Shelving location Date acquired Total Checkouts Full call number Barcode Date last seen Price effective from Koha item type
    Library of Congress Classification   College Library College Library General Circulation Section 09/01/2006   HA 32 .K5673 2005 C7590 05/15/2018 03/10/2014 Books

A simple guide to SPSS for windows:

APA

Kirkpatrick L. A., Feeney B. C., . (2005). A simple guide to SPSS for windows. Australia: Thomson Wadsworth.

Chicago

Kirkpatrick Lee A, Feeney Brooke C, . 2005. A simple guide to SPSS for windows. Australia: Thomson Wadsworth.

Harvard

Kirkpatrick L. A., Feeney B. C., . (2005). A simple guide to SPSS for windows. Australia: Thomson Wadsworth.

MLA

Kirkpatrick Lee A, Feeney Brooke C, . A simple guide to SPSS for windows. Australia: Thomson Wadsworth. 2005.

  • Place hold
  • Print
  • Cite
  • Add to your cart (remove)
  • Save record
    BIBTEX Dublin Core MARCXML MARC (non-Unicode/MARC-8) MARC (Unicode/UTF-8) MARC (Unicode/UTF-8, Standard) MODS (XML) RIS
  • More searches
    Search for this title in:
    Other Libraries (WorldCat) Other Databases (Google Scholar) Online Stores (Bookfinder.com) Open Library (openlibrary.org)

Exporting to Dublin Core...

SOUTHVILLE LIBRARY

Southville International School and Colleges Library

1281 Tropical Ave. Cor. Luxembourg St., BF Homes International, Las Pinas City

Tel. No. 8256374 / 252358 Loc. 117/146

Powered by Koha